000 00534nam a22001817a 4500
005 20251108171234.0
008 250721s1980 xx 000 0 ara d
082 1 4 _a210.947/مصل
100 1 _aمصلوح، سعد عبد العزيز
245 1 0 _aالمسلمون بين المطرقة و السندان /
264 1 _aالكويت :
_bدار البحوث العلمية،
_c1980.
300 _a107ص
650 1 7 _aالإسلام
650 1 7 _aالتاريخ
650 1 7 _aروسيا
942 _2ddc
_cBK
999 _c60138
_d60138